000 00288nam a22001217a 4500
008 180514b xxu||||| |||| 00| 0 eng d
041 _aeng
080 _a043.3
100 _a0
101 _aMBE-BTH
245 _aE-Qeverisja dhe aplikimi i saj në Kosovë
_cBrestovci,G
942 _2udc
_cBK
999 _c45732
_d45732